Normal view
MARC view
- Tahir Mansoor Farooqi (Translator)
Entry Personal Name
001 - CONTROL NUMBER
- control field: 13604
003 - CONTROL NUMBER IDENTIFIER
- control field: NUST
005 - DATE AND TIME OF LATEST TRANSACTION
- control field: 20190131115033.0
008 - FIXED-LENGTH DATA ELEMENTS
- fixed length control field: 190131|| aca||aabn | a|a d
040 ## - CATALOGING SOURCE
- Original cataloging agency: NUST
- Transcribing agency: NUST
100 ## - HEADING--PERSONAL NAME
- Personal name: Tahir Mansoor Farooqi (Translator)
670 ## - SOURCE DATA FOUND
- Source citation: Work cat.: (NUST)523204: Aien Talbot 13457, Tareekh e Pakistan 1947-1997 /, 2011
